000 00392nam a2200145Ia 4500
008 221007s9999 xx 000 0 und d
041 _aeng
082 _bDAS
100 _aDas Jayeeta (2k81027)
_9102242
245 _aStudy of Different Tax Saving Investment Avenues for Salaried
260 _c2010
_bPune University
_aPune
300 _a64p
520 _aParchure Sonali
906 _bGeneral
999 _c69403
_d69403